Value at risk : concepts and applications (Record no. 191812)

MARC details
000 -LEADER
fixed length control field 00407nam a2200157Ia 4500
005 - DATE AND TIME OF LATEST TRANSACTION
control field 20250407094031.0
008 - FIXED-LENGTH DATA ELEMENTS--GENERAL INFORMATION
fixed length control field 231217s9999 xx 000 0 und d
020 ## - INTERNATIONAL STANDARD BOOK NUMBER
International Standard Book Number 9788178817019
082 ## - DEWEY DECIMAL CLASSIFICATION NUMBER
Classification number 338.521 MAN;3
100 ## - MAIN ENTRY--PERSONAL NAME
Personal name Mantravadi, Pramod M ed.
245 #0 - TITLE STATEMENT
Title Value at risk : concepts and applications
260 ## - PUBLICATION, DISTRIBUTION, ETC. (IMPRINT)
Date of publication, distribution, etc. 2005
Name of publisher, distributor, etc. ICFAI
Place of publication, distribution, etc. Hyderabad
300 ## - PHYSICAL DESCRIPTION
Extent xv+183
650 ## - SUBJECT ADDED ENTRY--TOPICAL TERM
Topical term or geographic name as entry element Value,risk
942 ## - ADDED ENTRY ELEMENTS (KOHA)
Koha item type Books
Holdings
Date last seen Total Checkouts Full call number Accession number Old discount Cost, replacement price Price effective from Category Public note Lost status Damaged status Department Withdrawn status bill no. bill date Permanent Location Current Location Shelving location Entry date Vendor Cost, normal purchase price Grants Currency symbol Conversion rate Discount Discount type
26/01/2024   338.521 MAN;3 73003   38.00 26/01/2024 Books 73003     Central Library   1993 26/12/2015 Central Library Central Library Central Library 03/03/2011 ICFAI Press 38.00 MBA RS 1   Rupees

© For any Suggestions or Query, please contact the library staff @ librarian@pes.edu or Phone: +9180 2672 1983/ 2108.